000 00976nam2a2200253 i 4500
001 RU\NLR\BIBL_A\010303810
005 20240729011351.0
010 _a9785997327217
_950
021 _aRU
_b2014-9070
_9570
035 _a(NLR Aleph) 010303810
090 _a10606611
_c10606611
100 _a20110811d2013 u y0rusy50 ca
101 0 _arus
102 _aRU
105 _ay g|||000yd
200 0 _aЧ. 2
210 _d2013
215 _a99 с.
461 0 _1001RU\NLR\BIBL_A\010433286
_12000#$aВрачи 1812 года$eбиографический справочник$fВ. С. Карташов$vЧ. 2
_1700#1$aКарташов$bВ. С.$gВладислав Сергеевич$4070
_99859376
_aКарташов, В. С.
_cМосква
_d2013
_fВ. С. Карташов
_nСпутник+
_oбиографический справочник
_tВрачи 1812 года
_vЧ. 2
942 _cBOOK
980 _aNBR